000 00593nam a2200241Ia 4500
003 OSt
005 20221007100951.0
006 a|||||r|||| 00| 0
007 ta
008 221006b |||||||| |||| 00| 0 eng d
024 _a5,561
037 _cTextual
040 _aLCO
_cLCO
_beng
041 _2eng
_aeng
082 _aV1:2, L2
100 _aBasu D.D.
245 0 _aSelect Constitution of World
260 _aCalcutta
_bSarkar & Sons India
_c1972
300 _a142
650 _aCONSTITUTION
942 _hV1:2, L2
_cTEXL
999 _c1175124
_d1175124